000 00452nam a22001817a 4500
003 MPLRDC
005 20220104114452.0
008 210129b ||||| |||| 00| 0 eng d
020 _a7-81001-631-8
082 _a857.457 ZQS v.1 c.2
100 _a竹秋氏
245 _a红闺春梦. 上
_c
250 _a一版二刷
260 _a
_b中央民族学院出版社
_c1994
300 _b
650 _a历史小说
942 _cBK
_o857.457 ZQS v.1 c.2
999 _c7712
_d7702